000
00313nam a22001457a 4500
008
210427b ||||| |||| 00| 0 eng d
020
_a
9781308625454
041
_a
eng
080
_a
721
082
_a
721
100
_a
41
101
_a
NDE
245
_a
Work Analysis & Design II
_c
Duffy,V
942
_2
udc
_c
BK
999
_c
56824
_d
56824